[Event "39th Eastman Open 2016"]
[Site "Ghent BEL"]
[Date "2016.07.17"]
[Round "3.1"]
[White "Epishin, Vladimir"]
[Black "Barbier, Sigiswald"]
[Result "1-0"]
[WhiteTitle "GM"]
[WhiteElo "2557"]
[BlackElo "2149"]
[WhiteFideId "4162714"]
[BlackFideId "262447"]
[EventDate "2016.07.16"]

1. d4 Nf6 2. Nf3 e6 3. c4 Bb4+ 4. Bd2 Qe7 5. g3 Nc6 6. Nc3 Bxc3 7. Bxc3 Ne4 8.
Rc1 O-O 9. Bg2 d6 10. d5 Nxc3 11. Rxc3 Nb8 12. dxe6 fxe6 13. Nd4 c6 14. O-O Nd7
15. e4 Nf6 16. Rd3 e5 17. Ne2 Be6 18. b3 Rad8 19. Nc3 h5 20. f4 Bg4 21. Qe1 Bc8
22. Kh1 Nd7 23. Rdf3 Nc5 24. f5 Qg5 25. Qf2 b6 26. h3 Rf6 27. b4 Na6 28. a3 Bb7
29. Rd1 Qh6 30. Kg1 c5 31. b5 Nc7 32. a4 Ne8 33. a5 Rb8 34. a6 Ba8 35. Qe1 Rd8
36. Rdd3 Rd7 37. g4 g6 38. Qh4 g5 39. Qxh5 Qxh5 40. gxh5 Kg7 41. Rg3 Kh6 42. h4
gxh4 43. Rg8 Re7 44. Rh3 Kh7 45. Rg6 Rg7 46. Rxh4 Rff7 47. Nd1 Nf6 48. Nf2 Kh8
49. Nh3 Nh7 50. h6 Rg8 51. Rhg4 Rff8 52. Rg3 Nf6 53. Ng5 Nh5 54. Nf7+ Kh7 55.
R3g4 Nf6 56. Rg7+ Rxg7 57. Rxg7# 1-0

[Event "39th Eastman Open 2016"]
[Site "Ghent BEL"]
[Date "2016.07.17"]
[Round "3.2"]
[White "Schelvis, Richard"]
[Black "Lintchevski, Daniil"]
[Result "0-1"]
[BlackTitle "GM"]
[WhiteElo "2094"]
[BlackElo "2548"]
[WhiteFideId "1039261"]
[BlackFideId "4171055"]
[EventDate "2016.07.16"]

1. d4 Nf6 2. c4 b6 3. Nf3 Bb7 4. g3 Bxf3 5. exf3 e6 6. Bg2 d5 7. O-O Be7 8. Qa4+
c6 9. Nc3 O-O 10. Be3 Ne8 11. Rac1 Nd6 12. cxd5 exd5 13. Bf4 a5 14. Bxd6 Qxd6
15. Rfd1 Ra7 16. Rd3 Bf6 17. Qd1 Re7 18. Qd2 Rfe8 19. Bf1 Nd7 20. Nd1 g6 21. Ne3
Bg7 22. Rdc3 c5 23. dxc5 Bxc3 24. bxc3 Qxc5 25. Nxd5 Re6 26. Bh3 Re2 27. Qd4
Qxd4 28. cxd4 Re1+ 29. Rxe1 Rxe1+ 30. Kg2 f5 31. g4 Kg7 32. gxf5 Nf6 33. Nxb6 g5
34. Nc4 Nd5 35. Kg3 Rg1+ 36. Bg2 Nf4 37. Ne3 Kf6 38. h4 Nxg2 39. hxg5+ Kxg5 40.
Nxg2 Kxf5 41. Kh2 Ra1 42. Kg3 Rxa2 43. Ne3+ Kg6 44. f4 a4 0-1

[Event "39th Eastman Open 2016"]
[Site "Ghent BEL"]
[Date "2016.07.17"]
[Round "3.3"]
[White "Michiels, Bart"]
[Black "Saligo, Luc"]
[Result "1-0"]
[WhiteTitle "GM"]
[WhiteElo "2524"]
[BlackElo "2086"]
[WhiteFideId "202967"]
[BlackFideId "200557"]
[EventDate "2016.07.16"]

1. d4 Nf6 2. c4 c5 3. d5 d6 4. Nc3 e6 5. Nf3 exd5 6. cxd5 g6 7. Bf4 Bg7 8. Qa4+
Bd7 9. Qb3 Qc7 10. e4 Nh5 11. Be3 O-O 12. Be2 a6 13. a4 Bg4 14. h3 Bxf3 15. Bxf3
Nd7 16. Bxh5 gxh5 17. O-O f5 18. exf5 Rxf5 19. Ne4 h4 20. Qc2 Re5 21. Bf4 Rxd5
22. Rad1 Rxd1 23. Rxd1 Ne5 24. Ng5 Bf8 25. Bxe5 dxe5 26. Qf5 1-0

[Event "39th Eastman Open 2016"]
[Site "Ghent BEL"]
[Date "2016.07.17"]
[Round "3.4"]
[White "Verhaeren, Gertjan"]
[Black "Dgebuadze, Alexandre"]
[Result "1/2-1/2"]
[BlackTitle "GM"]
[WhiteElo "2067"]
[BlackElo "2511"]
[WhiteFideId "263982"]
[BlackFideId "203882"]
[EventDate "2016.07.16"]

1. Nf3 c5 2. c4 Nc6 3. g3 g6 4. Bg2 Bg7 5. Nc3 d6 6. O-O Bd7 7. a3 Nh6 8. d4
cxd4 9. Bxh6 Bxh6 10. Nxd4 Bg7 11. Nxc6 Bxc6 12. Qd2 Bxg2 13. Kxg2 Rc8 14. Qe3
Qb6 15. Qxb6 axb6 16. Nd5 e6 17. Nxb6 Rc6 18. Na4 Rxc4 19. Nc3 Kd7 20. Rab1 Rhc8
21. Rfd1 d5 22. e4 d4 23. e5 Bxe5 24. Nb5 Ke7 25. b3 Rc2 26. Nxd4 Ra2 27. a4 g5
28. Nf3 Bf6 29. Rbc1 Rxc1 30. Rxc1 g4 31. Ne1 Bd4 32. Rc2 Ra1 33. Rc4 Rd1 34.
Nc2 Ba7 35. Rc7+ Rd7 36. Rxd7+ Kxd7 37. f3 h5 38. fxg4 hxg4 39. h3 gxh3+ 40.
Kxh3 Kd6 41. Kg4 f5+ 42. Kf3 e5 43. g4 e4+ 44. Kf4 fxg4 45. Kxe4 g3 46. Kf3 Bf2
47. Na3 Kc5 48. Nc4 Be1 49. Kg2 Kd5 50. Kf3 Bf2 51. Na5 b6 52. Nc4 Kc5 53. Kg2
Be1 54. Kf3 Bf2 55. Kg2 Kb4 56. Nxb6 Bxb6 57. Kxg3 Kxb3 58. a5 Bxa5 1/2-1/2

[Event "39th Eastman Open 2016"]
[Site "Ghent BEL"]
[Date "2016.07.17"]
[Round "3.5"]
[White "Inkiov, Ventzislav"]
[Black "Becx, Cesar"]
[Result "1-0"]
[WhiteTitle "GM"]
[BlackTitle "FM"]
[WhiteElo "2467"]
[BlackElo "2095"]
[WhiteFideId "2900033"]
[BlackFideId "1001183"]
[EventDate "2016.07.16"]

1. e4 e5 2. Bc4 Nc6 3. Nf3 Nf6 4. d3 Bc5 5. Nc3 d6 6. Bg5 h6 7. Bxf6 Qxf6 8. Nd5
Qd8 9. c3 Ne7 10. Ne3 O-O 11. O-O Ng6 12. d4 Bb6 13. dxe5 Nxe5 14. Nxe5 dxe5 15.
Qxd8 Rxd8 16. Rad1 c6 17. Bb3 Be6 18. Bxe6 fxe6 19. Ng4 Bc7 20. h4 Kf7 21. h5
Ke7 22. g3 Rxd1 23. Rxd1 Rd8 24. Rxd8 Kxd8 25. Kf1 Ke7 26. Ke2 Kf7 27. a4 g6 28.
Nxh6+ Kg7 29. Ng4 gxh5 30. Nh2 Bb6 31. Nf3 Kf6 32. Ne1 a5 33. Nd3 Ba7 34. Kf3 b6
35. Kg2 Bb8 36. f4 exf4 37. gxf4 Bc7 38. Kg3 Bb8 39. Ne1 Bc7 40. Nf3 c5 41. Nd2
Kg6 42. Nc4 Kf6 43. e5+ Kf5 44. Kf3 Bd8 45. Ne3+ Kg6 46. Ke4 Bh4 47. Nc4 Be1 48.
Kf3 h4 49. Nxb6 h3 50. Nc4 h2 51. Kg2 Bg3 52. Nxa5 Bxf4 53. Nc4 1-0

[Event "39th Eastman Open 2016"]
[Site "Ghent BEL"]
[Date "2016.07.17"]
[Round "3.6"]
[White "Docx, Stefan"]
[Black "Stam, Hans"]
[Result "1-0"]
[WhiteTitle "IM"]
[WhiteElo "2420"]
[BlackElo "2049"]
[WhiteFideId "200778"]
[BlackFideId "1043838"]
[EventDate "2016.07.16"]

1. Nf3 Nf6 2. c4 g6 3. b4 a5 4. b5 Bg7 5. Bb2 O-O 6. g3 c6 7. a4 d5 8. Bg2 Nbd7
9. O-O Re8 10. Na3 Ne4 11. Bxg7 Kxg7 12. Qc2 Ndf6 13. d3 Nd6 14. Qb2 Qb6 15. Ne5
Be6 16. Rab1 dxc4 17. bxc6 Qxb2 18. Rxb2 bxc6 19. Naxc4 Nxc4 20. dxc4 Rac8 21.
Bxc6 Red8 22. Rc1 Ng4 23. Nxg4 Rxc6 24. Ne3 Rdc8 25. Rb5 Bxc4 26. Nxc4 Rxc4 27.
Rxc4 Rxc4 28. Rxa5 h5 29. h4 f6 30. Kg2 e5 31. Ra7+ Kg8 32. Kf3 f5 33. a5 Ra4
34. Ke3 f4+ 35. gxf4 Rxf4 36. Re7 Rxh4 37. a6 1-0

[Event "39th Eastman Open 2016"]
[Site "Ghent BEL"]
[Date "2016.07.17"]
[Round "3.7"]
[White "Vinke, Maarten"]
[Black "Djuric, Stefan"]
[Result "1-0"]
[BlackTitle "GM"]
[WhiteElo "2129"]
[BlackElo "2420"]
[WhiteFideId "1038648"]
[BlackFideId "900133"]
[EventDate "2016.07.16"]

1. e4 c5 2. Nc3 e6 3. g3 d5 4. exd5 exd5 5. Bg2 Nf6 6. Nge2 Nc6 7. d4 Bg4 8. h3
cxd4 9. Nxd5 Nxd5 10. hxg4 Bb4+ 11. Bd2 Qa5 12. Rh5 O-O-O 13. a3 Bxd2+ 14. Qxd2
Qxd2+ 15. Kxd2 Nf6 16. Rc5 Kc7 17. b4 Rhe8 18. g5 Nd7 19. Rf5 Nde5 20. Bxc6 Kxc6
21. Rh1 d3 22. cxd3 Nxd3 23. Kc3 Rxe2 24. Rd1 g6 25. Rf6+ Rd6 26. Rxd6+ Kxd6 27.
Rxd3+ Ke6 28. Rf3 Re5 29. Rd3 Rxg5 30. Rd8 Rf5 31. f4 Rd5 32. Re8+ Kf6 33. g4 h5
34. gxh5 Rxh5 35. Rb8 Rh3+ 36. Kb2 b6 37. Rb7 Rf3 38. Rxa7 Rxf4 39. Ra6 g5 40.
Rxb6+ Ke7 41. Rb8 g4 42. b5 Kd6 43. Kb3 Kc5 44. a4 Rf3+ 45. Kc2 Ra3 46. Rf8 g3
47. Rg8 f5 48. Rg5 Rf3 49. Kd2 Kd4 50. b6 Rf2+ 51. Kc1 Rf1+ 52. Kc2 Rf2+ 53. Kb3
Rf3+ 54. Kb4 f4 55. b7 Rf1 56. Ka5 Rb1 1-0

[Event "39th Eastman Open 2016"]
[Site "Ghent BEL"]
[Date "2016.07.17"]
[Round "3.8"]
[White "Alienkin, Aleksander"]
[Black "Willemsma, Abe"]
[Result "1-0"]
[WhiteTitle "IM"]
[WhiteElo "2387"]
[BlackElo "2090"]
[WhiteFideId "4156765"]
[BlackFideId "1011561"]
[EventDate "2016.07.16"]

1. e4 e5 2. Nf3 Nc6 3. Bb5 a6 4. Ba4 Nf6 5. Bxc6 dxc6 6. d3 Bd6 7. Nbd2 Ng8 8.
Nc4 f6 9. Nh4 Ne7 10. Qh5+ Kf8 11. O-O Qe8 12. Qf3 Be6 13. Ne3 Qf7 14. Nhf5 h5
15. Nxe7 Kxe7 16. Nf5+ Kd7 17. d4 g6 18. Nxd6 cxd6 19. Qe3 g5 20. b3 Kc7 21. c4
Bd7 22. c5 dxc5 23. dxe5 fxe5 24. Qxc5 Rae8 25. Be3 h4 26. Rfd1 Re6 27. Qb6+ 1-0

[Event "39th Eastman Open 2016"]
[Site "Ghent BEL"]
[Date "2016.07.17"]
[Round "3.9"]
[White "Vandelacluze, Ian"]
[Black "Froeyman, Helmut"]
[Result "1/2-1/2"]
[BlackTitle "FM"]
[WhiteElo "2105"]
[BlackElo "2277"]
[WhiteFideId "222755"]
[BlackFideId "203602"]
[EventDate "2016.07.16"]

1. e4 e5 2. Nf3 Nc6 3. Bb5 a6 4. Bxc6 dxc6 5. O-O f6 6. d4 exd4 7. Nxd4 c5 8.
Ne2 Qxd1 9. Rxd1 Bd7 10. Nbc3 O-O-O 11. Be3 Re8 12. Rd2 Bc6 13. Rad1 b6 14. a4
Ne7 15. a5 Kb7 16. Ng3 h5 17. Rd8 h4 18. Nge2 Ng6 19. axb6 cxb6 20. Rxe8 Bxe8
21. Nf4 Nxf4 22. Bxf4 Be7 23. Bd6 Bxd6 24. Rxd6 Bc6 25. Nd5 Re8 26. f3 b5 27.
Kf2 a5 28. c3 a4 29. Nf4 Kc7 30. Re6 Rd8 31. Re7+ Kb6 32. Ke3 b4 33. cxb4 cxb4
34. Nd3 a3 35. bxa3 bxa3 36. Nb4 Bb5 37. Rxg7 Bc4 38. Kf4 Kc5 39. Nc2 a2 40. Ra7
Rd2 41. Ne3 Bb3 42. h3 Kd4 43. Nd5 Rxg2 44. Nb4 Kc3 45. Nxa2+ Bxa2 46. Rh7 Be6
47. Rxh4 Rg6 48. Rh8 Kd4 49. Rd8+ Kc5 50. h4 Rh6 51. Kg3 Rg6+ 52. Kf2 Rh6 53.
Kg3 Rg6+ 54. Kf2 Rh6 1/2-1/2

[Event "39th Eastman Open 2016"]
[Site "Ghent BEL"]
[Date "2016.07.17"]
[Round "3.10"]
[White "Draftian, Ashote"]
[Black "Wubben, Marcel"]
[Result "1-0"]
[WhiteTitle "FM"]
[WhiteElo "2283"]
[BlackElo "2070"]
[WhiteFideId "204552"]
[BlackFideId "1008480"]
[EventDate "2016.07.16"]

1. f4 g6 2. Nf3 Bg7 3. e3 c5 4. d4 e6 5. c3 cxd4 6. cxd4 Ne7 7. Nc3 O-O 8. Bd3
b6 9. O-O Ba6 10. Nb5 Nd5 11. Bd2 Nc6 12. a4 Qe7 13. Qb3 Na5 14. Qa2 Rfc8 15.
Rfc1 Nb4 16. Qa3 Nac6 17. Bf1 Bf8 18. Ne5 Nxe5 19. dxe5 Nc2 20. Qxe7 Bxe7 21.
Rab1 Bb7 22. Nd6 Bxd6 23. exd6 Be4 24. Ba6 Rcb8 25. Kf2 f6 26. Ke2 b5 27. Bxb5
Rb6 28. Bd3 Bxd3+ 29. Kxd3 Nb4+ 30. Bxb4 Rxb4 31. Rc7 Rxa4 32. Rxd7 Rb8 33. Rc1
Rb3+ 34. Rc3 Rxc3+ 35. bxc3 Ra6 36. c4 1-0

[Event "39th Eastman Open 2016"]
[Site "Ghent BEL"]
[Date "2016.07.17"]
[Round "3.11"]
[White "Knors, Rudi"]
[Black "Cools, Gorik"]
[Result "0-1"]
[BlackTitle "FM"]
[WhiteElo "2114"]
[BlackElo "2293"]
[WhiteFideId "203173"]
[BlackFideId "200298"]
[EventDate "2016.07.16"]

1. d4 Nf6 2. c4 g6 3. Nc3 d5 4. cxd5 Nxd5 5. g3 Bg7 6. Bg2 Nxc3 7. bxc3 c5 8.
Nf3 Qa5 9. Bd2 O-O 10. O-O Nd7 11. Qb3 Nb6 12. e4 Bg4 13. d5 Qa6 14. Rad1 Bd7
15. Rc1 Nc4 16. Bf4 e6 17. Rfe1 exd5 18. exd5 Ba4 19. Qb1 Rad8 20. Ne5 Nd6 21.
h4 Bd7 22. Nxd7 Rxd7 23. Bh3 Rdd8 24. Bg5 Rb8 25. Be7 Rfe8 26. Bd7 Rxe7 27. Rxe7
Qc4 28. Qb3 Qxb3 29. axb3 Bf6 30. Re2 Rd8 31. Bg4 h5 32. Bf3 b6 33. Kg2 Kg7 34.
b4 c4 35. Ra2 Rd7 36. Be2 Rc7 37. Bf3 Kf8 38. Re2 Rd7 39. Kh3 Nb5 40. Rec2 Ke7
41. Be2 Nd6 42. Bf3 Kd8 43. g4 hxg4+ 44. Bxg4 Re7 45. Re2 Ne4 46. Bf3 Nxc3 47.
Rxe7 Kxe7 48. Ra1 Nb5 49. Re1+ Kd7 50. Be2 Nd6 51. Rc1 b5 52. Bg4+ Kd8 53. Rc2
Bd4 54. f4 Ne4 55. Bf3 Nf2+ 56. Kg2 Nd3 57. Kg3 Nxb4 58. Rd2 Bf6 59. Bd1 c3 60.
Re2 a5 61. h5 gxh5 62. Re4 c2 63. Bxc2 Nxc2 64. Re2 Nd4 65. Rd2 a4 66. Rd3 b4 0-1

[Event "39th Eastman Open 2016"]
[Site "Ghent BEL"]
[Date "2016.07.17"]
[Round "3.12"]
[White "Ackaert, Thierry"]
[Black "Sadkowski, Daniel"]
[Result "1/2-1/2"]
[BlackTitle "FM"]
[WhiteElo "2075"]
[BlackElo "2260"]
[WhiteFideId "202533"]
[BlackFideId "200255"]
[EventDate "2016.07.16"]

1. b4 e5 2. a3 d6 3. e3 g6 4. Bb2 Bg7 5. c4 Nh6 6. Be2 Nf5 7. Nc3 O-O 8. Qc2 Re8
9. g3 c6 10. h4 d5 11. Nh3 Na6 12. h5 Nc7 13. g4 Nd4 14. Qd1 Nxe2 15. Qxe2 d4
16. Ne4 a5 17. hxg6 hxg6 18. Qf3 f6 19. g5 f5 20. Nf6+ Bxf6 21. gxf6 Qxf6 22.
O-O-O axb4 23. axb4 Ne6 24. Rdg1 Kf7 25. Qg3 f4 26. exf4 exf4 27. Ng5+ Nxg5 28.
Qxg5 Qxg5 29. Rxg5 Rd8 30. Rh4 Kf6 31. Rg1 g5 32. Rh5 g4 33. Rgh1 Bf5 34. Rh6+
Kf7 35. R1h5 Bd3 36. Re5 g3 37. fxg3 fxg3 38. Rg5 Rg8 39. Rxg8 Rxg8 40. Bxd4 Rg4
41. Rd6 Ke7 42. Bc5 Rxc4+ 43. Kb2 g2 44. Rxd3+ Rxc5 45. Rg3 Rc4 46. Kb3 Rd4 47.
Rxg2 Kd6 48. Kc3 Rd5 49. Rg7 b5 50. Rg6+ Kc7 1/2-1/2

[Event "39th Eastman Open 2016"]
[Site "Ghent BEL"]
[Date "2016.07.17"]
[Round "3.13"]
[White "Klundt, Klaus"]
[Black "Artels, Lieven"]
[Result "1-0"]
[WhiteTitle "IM"]
[WhiteElo "2291"]
[BlackElo "2047"]
[WhiteFideId "4600436"]
[BlackFideId "205834"]
[EventDate "2016.07.16"]

1. e4 e6 2. d4 d5 3. Nd2 dxe4 4. Nxe4 Bd7 5. Nf3 Bc6 6. Bd3 Nd7 7. O-O Ngf6 8.
Ng3 Be7 9. Re1 Bxf3 10. Qxf3 c6 11. c4 O-O 12. Bd2 Re8 13. Bc3 Nf8 14. Rad1 Qc7
15. Re3 Rad8 16. Bc2 Ng6 17. Rde1 Kf8 18. Nh5 Nxh5 19. Qxh5 Bf6 20. Qxh7 Ke7 21.
Bb4+ Kd7 22. Bxg6 Rh8 23. Bxf7 Rxh7 24. Bxe6+ Ke8 25. Bg8+ Kd7 26. Re7+ Bxe7 27.
Rxe7+ Kc8 28. Rxc7+ Kxc7 29. Bxh7 Rxd4 30. Bc2 Rxc4 31. Bc3 b5 32. Bb3 Rc5 33.
h4 g6 34. g4 1-0

[Event "39th Eastman Open 2016"]
[Site "Ghent BEL"]
[Date "2016.07.17"]
[Round "3.14"]
[White "Lindam, Ingo"]
[Black "Cordts, Ingo"]
[Result "0-1"]
[BlackTitle "FM"]
[WhiteElo "2078"]
[BlackElo "2289"]
[WhiteFideId "24699756"]
[BlackFideId "4662687"]
[EventDate "2016.07.16"]

1. d4 d5 2. Nf3 Nf6 3. c4 e6 4. g3 dxc4 5. Bg2 Nc6 6. Qa4 Nd7 7. Qxc4 Nb6 8. Qd3
Nb4 9. Qc3 e5 10. Nxe5 Qxd4 11. O-O Qxc3 12. Nxc3 f6 13. Nd3 Nxd3 14. exd3 c6
15. Re1+ Kf7 16. Bf4 Bf5 17. d4 Rd8 18. Rad1 Bb4 19. a3 Bxc3 20. bxc3 Rhe8 21.
Bc7 Rxe1+ 22. Rxe1 Ra8 23. Bd6 Re8 24. Rxe8 Kxe8 25. Bb8 Be6 26. Bf4 Bc4 27. Be4
g6 28. g4 Be6 29. h3 Ke7 30. Kf1 Nc4 31. Bc1 Nd6 32. Bc2 Bc4+ 33. Kg2 Nb5 34.
Bb2 Nc7 35. Bc1 Ke6 36. f3 Nb5 37. Bb2 Kf7 38. h4 h6 39. f4 g5 40. Kg3 Ke6 41.
Bh7 Kf7 42. a4 Nc7 43. Be4 a5 44. Bc1 gxh4+ 45. Kxh4 Bb3 46. f5 Bxa4 47. Bxh6
Bb3 48. Bd3 Nd5 49. Bd2 a4 50. c4 Nb6 51. Ba5 a3 52. Bc3 Bxc4 53. Bc2 Nd5 54.
Ba1 b5 55. g5 fxg5+ 56. Kxg5 Nb4 57. Be4 Bd5 58. Bb1 0-1

[Event "39th Eastman Open 2016"]
[Site "Ghent BEL"]
[Date "2016.07.17"]
[Round "4.1"]
[White "Cools, Gorik"]
[Black "Epishin, Vladimir"]
[Result "0-1"]
[WhiteTitle "FM"]
[BlackTitle "GM"]
[WhiteElo "2293"]
[BlackElo "2557"]
[WhiteFideId "200298"]
[BlackFideId "4162714"]
[EventDate "2016.07.16"]

1. e4 c6 2. Nc3 d5 3. Nf3 Bg4 4. h3 Bxf3 5. Qxf3 e6 6. d4 dxe4 7. Qxe4 Nf6 8.
Qh4 Nbd7 9. Bd3 g6 10. O-O Bg7 11. Re1 O-O 12. a4 Nh5 13. Qxd8 Rfxd8 14. Bg5
Rdc8 15. Rad1 a5 16. Ne4 h6 17. g4 hxg5 18. gxh5 gxh5 19. Nxg5 Nb6 20. Be2 Nxa4
21. Bxh5 Rc7 22. b3 Nc3 23. Rd3 Nd5 24. Rg3 Nf6 25. Be2 b5 26. c4 Rb8 27. Kh1 a4
28. bxa4 bxa4 29. Ra1 Rb4 30. Nf3 Kf8 31. Rag1 Ne8 32. Ne5 c5 33. f4 cxd4 34. h4
Rb3 35. Bd3 Bxe5 36. fxe5 Rc5 37. Re1 Ng7 38. Kg2 Nh5 0-1

[Event "39th Eastman Open 2016"]
[Site "Ghent BEL"]
[Date "2016.07.17"]
[Round "4.2"]
[White "Lintchevski, Daniil"]
[Black "Klundt, Klaus"]
[Result "1-0"]
[WhiteTitle "GM"]
[BlackTitle "IM"]
[WhiteElo "2548"]
[BlackElo "2291"]
[WhiteFideId "4171055"]
[BlackFideId "4600436"]
[EventDate "2016.07.16"]

1. e4 c5 2. Nf3 e6 3. d4 cxd4 4. Nxd4 Nc6 5. Nc3 Qc7 6. Be2 a6 7. O-O Nf6 8. Be3
Bb4 9. Na4 Be7 10. Nxc6 bxc6 11. Nb6 Rb8 12. Nxc8 Qxc8 13. e5 Nd5 14. Bc1 f6 15.
c4 Nc7 16. exf6 Bxf6 17. Rb1 O-O 18. b3 Ne8 19. Bf4 Ra8 20. Be3 Qc7 21. Qc2 Be5
22. g3 Nd6 23. Bc5 Rf7 24. f4 Bf6 25. Bd3 g6 26. Rbd1 Nf5 27. Bxf5 gxf5 28. Rd3
Kh8 29. Rfd1 d5 30. Qe2 dxc4 31. bxc4 e5 32. fxe5 Qxe5 33. Qxe5 Bxe5 34. Re1 Bc7
35. Re6 f4 36. Rxc6 fxg3 37. hxg3 Kg8 38. Kg2 a5 39. Rf3 Be5 40. Re6 Bg7 41.
Rxf7 Kxf7 42. Re7+ Kg6 43. Ra7 Rd8 44. Ra6+ Kf5 45. Rxa5 Ke4 46. Ra7 Be5 47. Re7
h5 48. a4 Rd3 49. a5 Rxg3+ 50. Kf2 Rg6 51. Bb6 Kf5 52. c5 h4 53. Rh7 Bd4+ 54.
Ke2 Rg2+ 55. Kd3 Bf6 56. c6 Rg3+ 57. Kd2 Rc3 58. c7 Kg6 59. Rxh4 Rxc7 60. Rg4+
Kf5 61. Bxc7 Kxg4 62. Kd3 Kf5 63. a6 1-0

[Event "39th Eastman Open 2016"]
[Site "Ghent BEL"]
[Date "2016.07.17"]
[Round "4.3"]
[White "Cordts, Ingo"]
[Black "Michiels, Bart"]
[Result "0-1"]
[WhiteTitle "FM"]
[BlackTitle "GM"]
[WhiteElo "2289"]
[BlackElo "2524"]
[WhiteFideId "4662687"]
[BlackFideId "202967"]
[EventDate "2016.07.16"]

1. Nf3 d5 2. d4 Nf6 3. c4 e6 4. g3 Be7 5. Bg2 O-O 6. O-O dxc4 7. Ne5 Nc6 8. Bxc6
bxc6 9. Nxc6 Qe8 10. Nxe7+ Qxe7 11. Na3 c5 12. dxc5 Qxc5 13. Be3 Qh5 14. f3 e5
15. Bc5 Re8 16. e4 Bh3 17. Rf2 Rec8 18. Be7 c3 19. bxc3 Rxc3 20. Nb5 Rc6 21. Rc1
Rxc1 22. Qxc1 Rc8 23. Qe1 Ne8 24. Qe3 Qg6 25. Rb2 Qe6 26. Ba3 Qc4 27. Qe2 Qa4
28. Bb4 Rc1+ 29. Kf2 Qa6 30. Bd2 Rh1 31. Ke3 Qb6+ 32. Kd3 Bf1 0-1

[Event "39th Eastman Open 2016"]
[Site "Ghent BEL"]
[Date "2016.07.17"]
[Round "4.4"]
[White "Praveen, Kumar C"]
[Black "Inkiov, Ventzislav"]
[Result "0-1"]
[WhiteTitle "IM"]
[BlackTitle "GM"]
[WhiteElo "2246"]
[BlackElo "2467"]
[WhiteFideId "5007372"]
[BlackFideId "2900033"]
[EventDate "2016.07.16"]

1. d4 Nf6 2. c4 e6 3. Nc3 Bb4 4. e3 c5 5. Ne2 cxd4 6. exd4 d5 7. c5 Ne4 8. g3
Qa5 9. Qc2 e5 10. a3 Bxc3+ 11. bxc3 exd4 12. Nxd4 Nc6 13. Nb3 Qa4 14. Be3 Bf5
15. Qb2 O-O 16. Nd4 Nxd4 17. cxd4 Qa5+ 18. Qb4 Qc7 19. Bg2 b6 20. O-O Qc6 21. f3
Nf6 22. Bf4 Nd7 23. Bd6 Rfc8 24. Rac1 Nf8 25. Rfd1 Bd7 26. f4 Qb7 27. Qb3 Bc6
28. g4 h6 29. Rb1 Qd7 30. Qg3 Re8 31. f5 Nh7 32. Rf1 Ng5 33. f6 Ne4 34. Qh4 Nxf6
35. Be5 Nxg4 36. Bh3 f5 37. Bxg4 fxg4 38. Rf4 Re7 39. Rxg4 Rf7 40. cxb6 axb6 41.
Rxb6 Raf8 42. Rb1 Qf5 43. Re1 Qd3 44. Qg3 Rf1+ 45. Kg2 Qc2+ 46. Kh3 Bd7 47. Rxf1
Rxf1 48. Bxg7 h5 0-1

[Event "39th Eastman Open 2016"]
[Site "Ghent BEL"]
[Date "2016.07.17"]
[Round "4.5"]
[White "Sterck, Arno"]
[Black "Docx, Stefan"]
[Result "1/2-1/2"]
[BlackTitle "IM"]
[WhiteElo "2220"]
[BlackElo "2420"]
[WhiteFideId "228249"]
[BlackFideId "200778"]
[EventDate "2016.07.16"]

1. d4 g6 2. e4 Bg7 3. Nf3 d6 4. Bc4 e6 5. Bb3 Ne7 6. O-O O-O 7. c3 Nd7 8. Re1 b6
9. Nbd2 Bb7 10. Nf1 c5 11. Bf4 cxd4 12. cxd4 Nf6 13. Ng3 d5 14. e5 Ne4 15. Bc2
Rc8 16. Bxe4 dxe4 17. Nxe4 Bxe4 18. Rxe4 Qd5 19. Re1 Nc6 20. Qd2 Rfd8 21. Red1
Bf8 22. Bh6 Ne7 23. Bxf8 Rxf8 24. Qf4 Rc2 25. Ng5 Qd8 26. Rd2 Rxd2 27. Qxd2 Nf5
28. Rd1 h5 29. Ne4 Kg7 30. Nf6 Qc7 31. Rc1 Qd8 32. Rd1 Qc7 33. Rc1 Qd8 1/2-1/2

[Event "39th Eastman Open 2016"]
[Site "Ghent BEL"]
[Date "2016.07.17"]
[Round "4.6"]
[White "Groffen, Hans"]
[Black "Alienkin, Aleksander"]
[Result "0-1"]
[BlackTitle "IM"]
[WhiteElo "2179"]
[BlackElo "2387"]
[WhiteFideId "1004140"]
[BlackFideId "4156765"]
[EventDate "2016.07.16"]

1. d4 Nf6 2. c4 e6 3. Nf3 c5 4. d5 exd5 5. cxd5 d6 6. Nc3 g6 7. e4 Bg7 8. Bg5 h6
9. Bh4 O-O 10. Nd2 Re8 11. Be2 a6 12. a4 Nbd7 13. O-O Qc7 14. Qc2 g5 15. Bg3 Ne5
16. Bxe5 Rxe5 17. Nc4 Re8 18. Ne3 Qe7 19. Bd3 Ng4 20. Nc4 Ne5 21. Nb6 Rb8 22.
Be2 Nd7 23. Nxc8 Rbxc8 24. Bg4 Rb8 25. Bxd7 Qxd7 26. a5 b5 27. axb6 Rxb6 28. Ra2
Reb8 29. Re1 Qb7 30. Re2 Rb3 31. h3 Qb4 32. Ra4 Qb6 33. Ra2 Qd8 34. g3 h5 35.
Nd1 Bd4 36. Kg2 Qf6 37. Ne3 Rxb2 38. Qd3 R8b3 39. Qxa6 Bxe3 40. Raxb2 Rxb2 41.
fxe3 Qe5 42. Rxb2 Qxb2+ 43. Kf3 Qf6+ 44. Ke2 Kg7 45. Qc8 Qe5 46. Kf3 Qf6+ 47.
Ke2 Qb2+ 48. Kf3 Qa1 49. Kf2 Qa2+ 50. Kf3 Qc4 51. Kf2 Qxe4 52. Qc6 Qe5 53. Kf3
Qf6+ 54. Ke2 g4 55. hxg4 hxg4 56. Kd3 Qf5+ 57. Kd2 Qf2+ 0-1

[Event "39th Eastman Open 2016"]
[Site "Ghent BEL"]
[Date "2016.07.17"]
[Round "4.7"]
[White "Clemens, Adrian"]
[Black "Draftian, Ashote"]
[Result "0-1"]
[WhiteTitle "FM"]
[BlackTitle "FM"]
[WhiteElo "2155"]
[BlackElo "2283"]
[WhiteFideId "1006487"]
[BlackFideId "204552"]
[EventDate "2016.07.16"]

1. d4 f5 2. g3 e6 3. Bg2 Nf6 4. Nf3 d5 5. O-O Bd6 6. c4 O-O 7. b3 Ne4 8. Ba3 b6
9. Bxd6 Qxd6 10. Qc2 Bb7 11. Nbd2 Nd7 12. Rac1 c5 13. cxd5 exd5 14. e3 Rae8 15.
Qb2 Re7 16. Qa3 a5 17. Rfe1 Rfe8 18. Qb2 h6 19. Nb1 Qg6 20. Nc3 Qf6 21. Nb5 g5
22. Rc2 f4 23. exf4 gxf4 24. Rd1 Ng5 25. dxc5 d4 26. c6 fxg3 27. Nbxd4 Nxf3+ 28.
Bxf3 gxh2+ 29. Kh1 Re1+ 30. Rxe1 Rxe1+ 31. Kxh2 Qh4+ 32. Kg2 Qg5+ 33. Kh2 Bc8
34. cxd7 Qg1+ 35. Kh3 Bxd7+ 36. Kh4 Qg5# 0-1